The hobbit, or, There and back again / (Registro nro. 10857)

Detalles MARC
000 -LIDER
fixed length control field 01193nam a22002657a 4500
001 - NÚMERO DE CONTROL
Identificador de número de control 000385
003 - IDENTIFICACDOR DE NÚMERO DE CONTROL
control field DO-SdBNP
005 - DATE AND TIME OF LATEST TRANSACTION
control field 20231123115157.0
007 - CAMPOS FIJOS DE DESCRIPCIÓN FÍSICA
fixed length control field 000385
008 - ELEMENTOS DE LONGITUD FIJA
fixed length control field 160713b2001 nyu |00| 0 eng d
020 ## - ISBN
International Standard Book Number 0618162216
040 ## - FUENTE DE CATALOGACIÓN
Agencia que crea de manera original el registro BPMSU
Idioma de catalogación spa
Agencia que realiza la transcripción BPMSU
082 #4 - NÚMERO DE CLASIFICACIÓN DECIMAL DE DEWEY
Classification number 823.91
Item number T917h 2001
Edition number 22
100 1# - ASIENTO PRINCIPAL -- NOMBRE PERSONAL
Nombre personal Tolkien, J. R. R.,
Fechas asociadas con el nombre 1892-1973.
245 10 - MENCIÓN DE TITULO
Título The hobbit, or, There and back again /
Mención de responsabilidad by J.R.R. Tolkien.
260 ## - PUBLICACIÓN, DISTRIBUCIÓN, ETC. (PIE DE IMPRENTA)
Lugar de publicación, distribución, etc Boston :
Nombre del editor, distribuidor, etc. Houghton Mifflin,
Fecha de publicación, distribución, etc 2001.
300 ## - DESCRIPCIÓN FÍSICA
Extensión 330 p. :
Dimensiones 21 cm.
Otros detalles físicos
505 ## - NOTA DE CONTENIDO
Título An Unexpected Party --
-- Roast Mutton --
-- A Short Rest --
-- Over Hill and Under Hill --
-- Riddles in the Dark --
-- Out of the Frying-Pan into the Fire --
-- Queer Lodgings --
-- Flies and Spiders --
-- Barrels Out of Bond --
-- A Warm Welcome --
-- On the Doorstep --
-- Inside Information --
-- Not at Home --
-- Fire and Water --
-- The Gathering of the Clouds --
-- A Thief in the Night --
-- The Clouds Burst --
-- The Return Journey --
-- The Last Stage.
534 ## - NOTA SOBRE LA VERSIÓN ORIGINAL
Asiento principal del original Título original :
Mención del título original There and back again
590 ## - NOTA LOCAL
Texto de la nota local Inventariado, 2023/VM
650 #4 - ENCABEZAMIENTO DE MATERIA--TEMÁTICO
Término temático o nombre geográfico como elemento de entrada Cuentos juveniles ingleses
650 #4 - ENCABEZAMIENTO DE MATERIA--TEMÁTICO
Término temático o nombre geográfico como elemento de entrada Moscas
Subdivisión de forma Cuentos
910 ## - VALIDACIÓN
Validación VMateo V. Control de calidad. BPMSU
942 ## - ADDED ENTRY ELEMENTS (KOHA)
Source of classification or shelving scheme Dewey Decimal Classification
Koha item type Libros
Existencias
Withdrawn status Lost status Source of classification or shelving scheme Damaged status Not for loan Collection code Home library Current library Date acquired Source of acquisition Total Checkouts Full call number Barcode Date last seen Price effective from Koha item type
    Dewey Decimal Classification     Colección Juvenil General Biblioteca Pública Metropolitana Salomé Ureña Biblioteca Pública Metropolitana Salomé Ureña 07/13/2016 FUNDI   BPMSU CGJ 823.91 T917h 2001 BPMSU16070440 07/13/2016 07/13/2016 Libros